000 00381nam a2200145Ia 4500
008 151213s9999 xx 000 0 und d
100 _aFakrul Alam
245 _aProceedings of The 1993 BAAS - USTS
_cFakrul Alam
260 _aDhaka
_bBangladesh Association
_c1994
300 _a4522 p.
650 _aReference
650 _aReference Book
700 _aFakrul Alam
999 _c2897
_d2897